Longman preparation series for the TOEIC test : More practice tests

Đã lưu trong:
書目詳細資料
主要作者: Loungheed, Lin
格式: 圖書
語言:Undetermined
出版: [London] Pearson education 2004
主題:
標簽: 添加標簽
沒有標簽, 成為第一個標記此記錄!
Thư viện lưu trữ: Trung tâm Học liệu Trường Đại học Cần Thơ
LEADER 00702nam a2200205Ia 4500
001 CTU_122092
008 210402s9999 xx 000 0 und d
082 |a 428.0076 
082 |b L887/Cas.1 
100 |a Loungheed, Lin 
245 0 |a Longman preparation series for the TOEIC test : 
245 0 |b More practice tests 
245 0 |c Lin Loungheed 
260 |a [London] 
260 |b Pearson education 
260 |c 2004 
650 |a English language,English language,Test of english for international communication 
650 |x Business english,Examinations,Study guides,Textbooks for foreign speakers,Study guides 
904 |i M.Loan 
980 |a Trung tâm Học liệu Trường Đại học Cần Thơ